| 000 | 00496 a2200157 4500 | ||
|---|---|---|---|
| 003 | OSt | ||
| 005 | 20231211104352.0 | ||
| 008 | 231211b |||||||| |||| 00| 0 eng d | ||
| 020 | _a9789554821455 | ||
| 040 | _coclc | ||
| 082 |
_a954.83 _bKAK/K |
||
| 100 |
_aKakar, Sudhir _95306 |
||
| 245 |
_aKALAPATHINTE NIRANGAL= The colors of violence : cultural identities, religion, and conflict / _cSudhir Kakar |
||
| 300 | _a374p | ||
| 942 |
_2ddc _cBK _h954.83 _iKAK/K _k954.83 _mKAK/K |
||
| 999 |
_c44169 _d44169 |
||